000 00666nam a2200181 a 4500
001 BRCA_2141
005 20190320203702.0
008 130808s1992----mx-#---###---#000-0#spa-#
050 4 _aF1391.P8
_b.L43 87
_c1992
100 1 _aReyes Garrido, Roberto H.
_96460
245 1 0 _aTres tradiciones en peligro de extinción
_cRoberto H. Reyes Garrido.
260 _aPuebla, México
_bGobierno del Estado de Puebla : Secretaría de Cultura : Comisión Puebla V Centenario
_c1992
300 _a31 p.
_c21 cm.
440 0 _aLecturas Históricas de Puebla
_n87
_96461
651 4 _aPuebla (México)
_xHistoria
_9409
651 4 _aPuebla (México)
_xTradiciones
_96462
942 _2lcc
_cB
999 _c1898
_d1898